Vánoční suita

Hlavní autor: Pecha, Antonín, 1959-
Jazyk: Čeština
Vydáno: Praha : Kubešovo hudební vydavatelství , [1996]
Témata:
Fyzický popis: 1 partitura + 7 hlasů ; 30 cm
Hudebniny Hudebniny
Uloženo v:
LEADER 01013ncm a2200301 a 4500
001 000922373
003 CZ BrMZK
005 20160922161653.0
007 qu
008 081125s1996 xr suzeg || cze d
024 2 |a M-66055-387-9 
028 2 1 |a Kubešovo hudební vydavatelství  |b 30-0072 
040 |a BOA001  |b cze 
048 |a oz01 
072 7 |a 788  |x Hudba pro dechové nástroje  |2 Konspekt  |9 9 
080 |a 785.12.083.1  |2 MRF 
080 |a 78.087  |2 MRF 
100 1 |a Pecha, Antonín,  |d 1959-  |7 mzk2005290039  |4 cmp 
245 1 0 |a Vánoční suita  |h [hudebnina] /  |c Antonín Pecha 
260 |a Praha :  |b Kubešovo hudební vydavatelství ,  |c [1996] 
300 |a 1 partitura + 7 hlasů ;  |c 30 cm 
650 0 4 |a suity (žesťový orchestr) 
650 0 7 |a suity  |7 ph321701  |z Česko  |y 20.-21. stol.  |2 czenas 
655 7 |a hlasy  |7 fd186703  |2 czenas 
910 |a BOA001  |b Mus4-1210.588 
990 |a MU 
991 |b 200812  |c NOV 
996 6 |b 2610355893  |c Mus4-1210.588  |l MZK  |r Sklad / do 1 hodiny  |n 1  |w 000922373  |u 000010  |a 1  |e BOA001  |j MZK50  |s P